000 01119nam a22003977a 4500
001 BR0702197
003 BR-BrBNA
005 20230928102420.0
007 ta
008 230509b bl.||||| |||| 00| 0 por d
040 _aBR-BrBNA
_bpor
_cBiblioteca Nacional de Agricultura
041 _a(Por)
072 _aK10
090 _ K10 BR0702197
100 1 _aRitchie, B.
100 1 _aMcDougall, C.
100 1 _aHaggith, M.
100 1 _aOliveira, N.B. de
245 1 _aCritérios e indicadores de sustentabilidade em florestas manejadas por comunidades; um guia introdutório
260 3 _aBogor (Indonésia):
_c2001.
300 _a122 p.
500 _aBibliography p. 108-112
650 _aPRODUÇÃO FLORESTAL
650 _aPOLÍTICA FLORESTAL
650 _aPROTEÇÃO FLORESTAL
650 _aPRÁTICA CULTURAL
650 _aRECURSO FLORESTAL
650 _aDESENVOLVIMENTO FLORESTAL
650 _aREGULAMENTAÇÃO
650 _aSAÚDE
650 _aALIMENTAÇÃO
650 _aPLANEJAMENTO FLORESTAL
650 _aMEIO AMBIENTE
909 _a202309
_bLucia
_c55
_dLucia Elande
942 _cBK
999 _c70662
_d70662